000 00302nam a22001337a 4500
008 170210b xxu||||| |||| 00| 0 eng d
020 _a9780323020572
041 _aeng
080 _a61
100 _a4
101 _aSHM
245 _aYEAR BOOK OS SPORTS MEDICINE 2004
_cSHEPHARD, R.J
942 _2udc
_cBK
999 _c5074
_d5074